000 00236nam a22001097a 4500
003 OSt
008 241226b |||||||| |||| 00| 0 eng d
041 _aeng
100 _aVallathol
_94295
245 _aSahithya Manjari Part IV
942 _cBK
999 _c18730
_d18730